000 01828cam a22005294i 4500
003 PE-LiUPU
005 20250731173514.0
008 150616s1994 miua rb 000 0 eng d
020 _a0801043832
035 _a(Sirsi) i9780801043833
040 _aPE-LiUPU
_bspa
_cPE-LiUPU
_erda
049 _aPRUA
082 0 4 _a221.95
_bH65
_221
100 1 _aHoerth, Alfred,
_eautor.
245 1 0 _aPeoples of the Old Testament World /
_cAlfred Hoerth.
264 1 _aMichigan :
_bBaker Books,
_c1994.
300 _a400 páginas :
_bilustraciones (fotos) ;
_c24 centímetros.
336 _atext
_2rdacontent
337 _aunmediated
_2rdamedia
338 _avolume
_2rdacarrier
490 0 _aArcheology & Biblical History
504 _aBibliografía: Al final de cada capítulo.
505 0 _aMesopotamia -- Anatolia -- Syria-Palestine -- and Egypt -- Trasjordan.
526 _aSEG42
526 _aSEG41
526 _aSEG40
526 _aSEG39
526 _aP94
526 _aP87
526 _aP86
526 _aP85
526 _aP77
526 _aP76
526 _aP35
630 _aBiblia.
_pA.T.
_xHistoria de eventos bíblicos.
650 0 4 _aEtnología
_zCercano Oriente.
651 _aCercano Oriente
_xHistoria
_yHasta 622.
700 1 _aMattingly, Gerald L.,
_eeditor.
700 1 _aYamauchi, Edwin M.,
_eeditor.
910 _ajck
_bjvq
_cjck
942 _2ddc
_cBOOK
949 _a221.95 H65
_wDEWEY
_c1
_i41287
_lCCODEBUL1
_mBUL
_r0
_sY
_tBOOK
_u2015-6-16
_xTEOLOGIA
_zUNKNOWN
_0COMPRA
_o.STAFF. Colección Teología
994 _aC0
_bPEPRU
596 _a1
999 _a221.95 H65
_wDEWEY
_c59053
_i41287
_d59053
_e2017-5-30
_f2021-11-9
_g5
_lCCODEBUL1
_mBUL
_n1
_p30.00
_q2
_r0
_sY
_tBOOK
_u2015-6-16
_xTEOLOGIA
_PP35
_0COMPRA
_o.STAFF. Colección Teología
980 _81
_gALBERTO SANCHEZ Responsable de Automatización